Tekst piosenki "Zostawcie Titanica" - Statystyki

Ogólne statystyki
  • Ten quiz został rozwiązany 296 razy
  • Średni wynik to 34 z 48
Statystyki odpowiedzi
Tekst % Poprawnych
Tam ciągle gra {muzyka}
94%
Tam ciągle gra {muzyka}
94%
Tam ciągle gra {muzyka}
94%
Tam ciągle gra {muzyka}
94%
Zostawcie {Titanica}!
93%
Zostawcie {Titanica}!
93%
Zostawcie {Titanica}!
93%
Zostawcie {Titanica}!
93%
Zostawcie {Titanica}!
93%
Zostawcie {Titanica}!
93%
Zostawcie {Titanica}!
93%
Zostawcie {Titanica}!
93%
Oni {żyją} swoim życiem
91%
Nie {wyciągajcie} go!
87%
Nie {wyciągajcie} go!
87%
Nie {wyciągajcie} go!
87%
Nie {wyciągajcie} go!
87%
I oni {tańczą} wciąż
86%
Ja wierzę, oni {tańczą} wciąż
86%
I wierzę w ich {podwodny} świat
74%
Pada {twarzą} w tort
74%
A {orkiestra}, która grała
73%
Do tej {chwili} gra
71%
Młody {milioner}
70%
Młody {milioner} puka do jej drzwi
70%
Piękna {aktorka}
70%
Piękna {aktorka} mruży oko i...
70%
Tyle mil już {przepłynęli}
68%
A oni w {tańcu} śnią
67%
A oni w {tańcu} śnią
67%
A oni w {tańcu} śnią
67%
Oni płyną, tylko {wolniej}
63%
Kelner się {potknął}
62%
{Bal} już się zaczął
56%
Tak jak wolno płyną {sny}
56%
I {dopłyną} tam gdzie chcą
54%
{Pozwólcie} im śnić!
54%
Tyle {przetańczyli} dni
52%
{Wszyscy} tańczą - więc...
49%
{Mierzy} kolię swą
47%
I {nieprawda}, nie znajdziecie ich
46%
{Nieprawda}, że już nie ma ich
46%
{Dziś} zakochał się
45%
Nie {przerywajcie} tego!
44%
{Niezatapialnie} śnią
44%
{Niezatapialny} sen...
44%
{Nieosiągalnie} śnią
36%
{Nieosiągalny}, niezatapialny sen
36%
Nie znaleziono quizów pasujących do podanych kryteriów
Rozkład punktacji
Procent ludzi z każdym wynikiem
Percentyl według liczby udzielonych odpowiedzi
Twoja historia wyników
Nie rozwiązałeś tego quizu